000
00258nam a2200109Ia 4500
008
220204s9999 xx 000 0 und d
082
_a
065
_b
MAU
100
_a
Maude, Barry
245
0
_a
Managing meetings
260
_a
New York
_b
John Wiley
_c
1975
942
_c
BK
999
_c
27059
_d
27059